The Manila Galleon (Record no. 8171)

MARC details
000 -CABECERA
campo de control de longitud fija 01292nam a2200301 a 4500
001 - NÚMERO DE CONTROL
campo de control BRCA_8505
005 - FECHA Y HORA DE LA ÚLTIMA TRANSACCIÓN
campo de control 20190320210319.0
008 - DATOS DE LONGITUD FIJA--INFORMACIÓN GENERAL
campo de control de longitud fija 210616s2014----ph-a######---#000-0#eng-#
020 ## - NÚMERO INTERNACIONAL ESTÁNDAR DEL LIBRO
Número Internacional Estándar del Libro 9789719360490
041 ## - CÓDIGO DE LENGUA
Código de lengua del texto/banda sonora o título independiente engspa
050 #4 - SIGNATURA TOPOGRÁFICA DE LA BIBLIOTECA DEL CONGRESO
Número de clasificación HE859
Número de documento/Ítem .M36 2014
245 10 - MENCIÓN DE TÍTULO
Título The Manila Galleon
Resto del título crossing the atlantic = El Galeón de Manila : cruzando el atlántico
Mención de responsabilidad, etc. Edgardo J. Angara, José María A. Cariño, Sonia Pinto Ner, editors ; contributing writers, Thomas Calvo ... [et al.].
260 ## - PUBLICACIÓN, DISTRIBUCIÓN, ETC.
Lugar de publicación, distribución, etc. Manila, Filipinas
Nombre del editor, distribuidor, etc. Rural Empowerment Assistance and Development (READ) Foundation
Fecha de publicación, distribución, etc. c2014
300 ## - DESCRIPCIÓN FÍSICA
Extensión 240 p.
Otras características físicas il. (algunas a color), mapas
Dimensiones 28 cm.
500 ## - NOTA GENERAL
Nota general Incluye índice alfabético
504 ## - NOTA DE BIBLIOGRAFÍA, ETC.
Nota de bibliografía, etc. Bibliografía : p. 215-217
546 ## - NOTA DE LENGUA/LENGUAJE
Nota de lengua/lenguaje Texto en : inglés y español
650 14 - PUNTO DE ACCESO ADICIONAL DE MATERIA--TÉRMINO DE MATERIA
Término de materia o nombre geográfico como elemento de entrada Transporte acuático
Subdivisión general Historia
Subdivisión geográfica España
9 (RLIN) 21322
650 14 - PUNTO DE ACCESO ADICIONAL DE MATERIA--TÉRMINO DE MATERIA
Término de materia o nombre geográfico como elemento de entrada Marina mercante
Subdivisión general Historia
Subdivisión geográfica España
9 (RLIN) 21323
651 #4 - PUNTO DE ACCESO ADICIONAL DE MATERIA--NOMBRE GEOGRÁFICO
Nombre geográfico España
Subdivisión general Comercio
Subdivisión geográfica Filipinas
9 (RLIN) 21324
651 #4 - PUNTO DE ACCESO ADICIONAL DE MATERIA--NOMBRE GEOGRÁFICO
Nombre geográfico Filipinas
Subdivisión general Comercio
Subdivisión geográfica España
9 (RLIN) 21325
700 1# - PUNTO DE ACCESO ADICIONAL--NOMBRE DE PERSONA
Nombre de persona Calvo, Thomas
9 (RLIN) 21326
700 1# - PUNTO DE ACCESO ADICIONAL--NOMBRE DE PERSONA
Nombre de persona Angara, Edgardo J.
Fechas asociadas al nombre 1934-
Término indicativo de función/relación ed.
9 (RLIN) 21327
700 1# - PUNTO DE ACCESO ADICIONAL--NOMBRE DE PERSONA
Nombre de persona Cariño, José María A.
Forma completa/desarrollada del nombre (José María Ancheta)
Término indicativo de función/relación ed.
9 (RLIN) 21328
700 1# - PUNTO DE ACCESO ADICIONAL--NOMBRE DE PERSONA
Nombre de persona Pinto Ner, Sonia
Término indicativo de función/relación ed.
9 (RLIN) 21329
740 0# - PUNTO DE ACCESO ADICIONAL--TÍTULO RELACIONADO O ANALÍTICO NO CONTROLADO
Título relacionado o analítico no controlado El Galeón de Manila : cruzando el atlántico
942 ## - ELEMENTOS DE PUNTO DE ACCESO ADICIONAL (KOHA)
Fuente del sistema de clasificación o colocación Library of Congress Classification
Tipo de ítem Koha Libros
Holdings
Estado de retiro Estado de pérdida Estado dañado No para préstamo Localización permanente Ubicación/localización actual Fecha de adquisición Total de préstamos Signatura topográfica completa Código de barras Fecha visto por última vez Precio válido a partir de Tipo de ítem Koha
El ejemplar forma parte de la colección y puede ser consultado según las políticas vigentes.       Biblioteca del Museo Franz Mayer (Rogerio Casas-Alatriste) Biblioteca del Museo Franz Mayer (Rogerio Casas-Alatriste) 21/06/2016   HE859 .M36 2014 02927 22/03/2019 22/03/2019 Libros